Pasapalabra #5 - Edición Artes Escénicas - Estadísticas

Estadísticas generales
  • Esta prueba ha sido intentada 28 veces
  • La puntuación promedio es 5 de 19
Estadísticas de respuestas
Letra Respuesta Definición % Correcto
A Acto Cada una de las partes en que se divide una obra; están separados entre sí por la bajada del telón.
100%
C Cláusula Acuerdo establecido en el contrato mediante el cual se modifica, aclara o deja sin efecto, parte del contenido de las condiciones generales del contrato.
52%
E Escenografía Labor de creación y diseño del decorado para una puesta en escena.
40%
R Reparto Distribución de los papeles entre los artistas que participan en la obra. En el programa, lista de sus nombres junto a los nombres de los personajes que representan.
40%
S Sobreactuar Acción de interpretar un papel de forma exagerada, más allá de lo necesario, lo que puede restar naturalidad a la actuación.
40%
M Marketing Estrategias utilizadas para promover y atraer audiencias a eventos.
36%
L Libreto Texto que se encuentra representado en las obras musicales escénicas tales como óperas, operetas y musicales.
32%
O Organigrama Esquema de la organización de una entidad o de una actividad. Permite analizar la estructura de la organización representada y cumple con un rol informativo, al ofrecer datos sobre las características generales de la organización.
32%
I Inventario Listado con todo el material o piezas necesarias para los distintos departamentos, como el inventario de mobiliario, vestuario, utilería, material fungible, escenografía, iluminación, sonido, etc.
24%
N Nóminas La lista de sueldos, el sueldo mismo, y, por extensión, el día de pago. Son los recibos de pago de los salarios.
24%
F Foro Parte del escenario más lejana al público y se delimita por el espacio que queda del último telón o fondo de decorado a la pared del torreón contraria a la embocadura. Este espacio permite al equipo artístico y técnico pasar de un hombro a otro sin ser vistos por el público.
20%
U Utilería Todos los artículos y objetos que se sirve el artista en una obra, incluso muebles.
20%
T Taquilla Conjunto de localidades que están a la venta.
12%
V Vara Tubo de hierro de unos 50mm. de diámetro y una longitud igual al ancho de embocadura y dos metros o más por cada lado.
12%
D Diseño Elaboración de documentación de planificación, gestión u organización de espectáculos.
8%
G Galerías También llamadas estradas, son balcones-puentes perimetrales al escenario, normalmente por todas las paredes menos la de embocadura, que permiten el manejo de la maquinaria y sistemas de elevación.
8%
H Hombros Corresponden al espacio a derecha e izquierda del arco de embocadura. También reciben el nombre de costados.
8%
B Bastidores Estructura o armazón realizada con listones de madera o metal sobre la cual se coloca una cubierta formando un panel. Estos pueden cumplir una variedad muy amplia de funciones. Por ejemplo, impedir la proyección de la visión sobre un plano determinado.
4%
P Patrocinio Intercambio de intereses con beneficios publicitarios visibles y prácticamente inmediatos.
0%
No se encontraron pruebas coincidentes
Distribución de puntuación
Porcentaje de gente con cada puntuación
Porcentaje por número respondido
Historial de tus puntuaciones
No has intentado esta prueba.